000 00996nam a2200241 a 4500
001 BRCA_2227
005 20190320203724.0
008 950413s1994 mx-a---##b---#000-0#spa-#
020 _a9706206108
040 _aDLC
_cDLC
050 4 _aNA757.M4
_b.S57 1994
100 1 _aSirvent Gutiérrez, Gladys Mabella
_96699
245 1 0 _aColonia La Tabacalera
_bvarias lecturas sobre un mismo patrimonio
_cGladys M. Sirvent Gutiérrez, Fco. Haroldo Alfaro Salazar, Hugo A. Arciniega Avila.
260 _aMéxico
_bUAM, Xochimilco, División Ciencias y Artes para el Diseño, Depto. de Teoría y Análisis
_c1994
300 _a155 p.
_bil. (algunas a color), mapas
_c27 cm.
504 _aIncluye referencias bibliográficas
650 1 4 _aArquitectura
_zMéxico
_9596
651 4 _aColonia La Tabacalera
_xHistoria
_96700
651 4 _aCiudad de México
_xEdificios y estructuras, etc.
_96701
700 1 _aAlfaro Salazar, Francisco Haroldo
_96702
700 1 _aArciniega Avila, Hugo A
_96703
942 _2lcc
_cB
999 _c1979
_d1979